banner-ar

NEGOTIATING REPRODUCTIVE RIGHTS : (Record no. 8979)

MARC details
000 -الفاتح
حقل البيانات ثابتة الطول 00648nam a2200217Ia 4500
008 - عناصر البيانات ثابتة الطول - معلومات عامة
حقل البيانات ثابتة الطول 140319s9999 xx 000 0 eng d
020 ## - الرقم الدولى المعيارى للكتب
الرقم الدولى المعيارى للكتاب 1 85649 536 1
040 ## - مصدر الفهرسة
وكالة الفهرسة الأصلية GCL /
وكالة النسخ GCL
082 04 - رقم تصنيف ديوى العشرى
رقم التصنيف 305.4
رقم المادة P N
100 1# - المدخل الرئيسى - إسم شخصى
الإسم الشخصى JUDD, KAREN
245 10 - بيان العنوان
العنوان NEGOTIATING REPRODUCTIVE RIGHTS :
بقية العنوان WOMEN'S PERSPECTIVES ACROSS COUNTRIES AND CULTURES /
بيان المسئوليه,etc JUDD, KAREN
700 1# - المدخل الاضافى - اسم شخصى
الإسم الشخصى PETCHESKY, ROSALIND P .
260 ## - PUBLICATION, DISTRIBUTION, ETC. (IMPRINT)
تاريخ النشر أو التوزيع 1998
300 ## - الوصف المادى
التعداد 22 CM ؛
أبعاد الوعاء 358 P
650 04 - المدخل الاضافى بالموضوع-مصطلح موضوعى
مصطلح موضوعي WOMEN - RIGHTS
650 04 - المدخل الاضافى بالموضوع-مصطلح موضوعى
مصطلح موضوعي WOMEN - SOCIETY
650 04 - المدخل الاضافى بالموضوع-مصطلح موضوعى
مصطلح موضوعي WOMEN - VIOLENCE
650 04 - المدخل الاضافى بالموضوع-مصطلح موضوعى
مصطلح موضوعي WOMEN - SOCIAL CONDITIONS
942 ## - عناصر المدخل الإضافي( كوها)
مصدر التصنيف او مخطط الترفيف Dewey Decimal Classification
Koha [default] item type كتاب
260 ## - PUBLICATION, DISTRIBUTION, ETC. (IMPRINT)
-- انجلترا :
-- ZED BOOKS LTD ،
Holdings
حالة التراجع حالة الفقد حالة تلف ليس للاعارة المكان المؤقت الموقع الحالى تاريخ الاكتساب اجمالي اﻻعارات رقم الطلب الباركود تاريخ اخر مشاهدة تاريخ تفعيل السعر نوع وعاء كوها
        مكتبة القاهرة الكبرى مكتبة القاهرة الكبرى 03/26/2014   305.4\P N 18761 03/26/2014 03/26/2014 كتاب
        مكتبة القاهرة الكبرى مكتبة القاهرة الكبرى 03/26/2014   305.4\P N 18762 03/26/2014 03/26/2014 كتاب

Powered By

EGPV